| 000 -LEADER | |
|---|---|
| fixed length control field | 00536nam a22001697a 4500 |
| 005 - DATE AND TIME OF LATEST TRANSACTION | |
| control field | 20240108105840.0 |
| 008 - FIXED-LENGTH DATA ELEMENTS--GENERAL INFORMATION | |
| fixed length control field | 190326b xxu||||| |||| 00| 0 eng d |
| 020 ## - INTERNATIONAL STANDARD BOOK NUMBER | |
| ISBN | 978-93-51643-41-8 |
| 041 ## - LANGUAGE CODE | |
| Language code of text/sound track or separate title | eng |
| 100 ## - MAIN ENTRY--AUTHOR NAME | |
| Personal name | JAIN, DR .K.S. AND MANIYAR, DR. P.B. |
| 245 ## - TITLE STATEMENT | |
| Title | A BOOK OF PHARMACEUTICAL ORGANIC CHEMISTRY SIMPLIFIED C(CEM-III AND IV ) ND IV |
| 250 ## - EDITION STATEMENT | |
| Edition statement | 5 TH, 2019 |
| 260 ## - PUBLICATION, DISTRIBUTION, ETC. (IMPRINT) | |
| Place of publication | PUNE |
| Name of publisher | NIRALI PRAKASHAN |
| 300 ## - PHYSICAL DESCRIPTION | |
| Number of Pages | I.1 p, |
| 650 ## - SUBJECT ADDED ENTRY--TOPICAL TERM | |
| Topical Term | PHARMACY |
| General subdivision | B.PHARMA |
| 942 ## - ADDED ENTRY ELEMENTS (KOHA) | |
| Koha item type | Books |
| Lost status | Damaged status | Collection code | Home library | Current library | Shelving location | Date acquired | Source of acquisition | Cost, normal purchase price | Full call number | Accession Number | Koha item type |
|---|---|---|---|---|---|---|---|---|---|---|---|
| Reference | JRU Library | JRU Library | SHELF-5-A | 26/03/2019 | PURCHESS | 225.00 | 615.19 | 22551 | Books | ||
| PHARMACY | JRU Library | JRU Library | SHELF-4-D | 26/03/2019 | PURCHESS | 225.00 | 22552 | Books | |||
| PHARMACY | JRU Library | JRU Library | SHELF-17-D | 26/03/2019 | PURCHESS | 225.00 | 615.19 | 22553 | Books | ||
| PHARMACY | JRU Library | JRU Library | SHELF-17-D | 10/02/2022 | PURCHASE | 170.00 | 615.19 | 26146 | Books | ||
| PHARMACY | JRU Library | JRU Library | SHELF-17-D | 10/02/2022 | PURCHASE | 170.00 | 615.19 | 26147 | Books |